• 首页
  • 本馆介绍
  • 公告通知
  • 最新文献
  • 馆藏检索
  • 电子资源
  • 读者导购
  • 参考咨询
  • 我的图书馆
  • 登录
  • 详细信息显示
  • 放入我的书架
  • 预约/预借图书
  • 作者相关作品
  • 分类相关作品
  • 丛书相关作品
  • 出版社相关作品

书目信息

  • 表格格式
  • 工作单格式
  • 卡片格式
题名:
数据结构理论与实践
    
 
作者: 奚小玲 , 敖广武 主编
分册:  
出版信息: 沈阳   东北大学出版社  2014
页数: 325页
开本: 26cm
丛书名:
单 册:
中图分类: TP311.12-43
科图分类:
主题词: 数据结构
电子资源:
ISBN: 978-7-5517-0736-7
000 01067nam0 2200253 450
001 012015000275
005 20150914091324.52
010    @a978-7-5517-0736-7@dCNY65.00
100    @a20150310d2014 em y0chiy50 ea
101 0  @achi
102    @aCN@b210000
105    @ay z 000yy
106    @ar
200 1  @a数据结构理论与实践@Ashu ju jie gou li lun yu shi jian@f奚小玲,敖广武主编
210    @a沈阳@c东北大学出版社@d2014
215    @a325页@d26cm
300    @a普通高等教育“十二五”规划教材 21世纪高等学校计算机系列实用规划教材
330    @a本书第1章绪论,主要介绍数据、数据结构和算法等基本概念。第2章至第6章分别讨论线性表、栈、队列、串、数组、广义表、树及图等基本类型的数据结构,内容包括它们的逻辑结构、存储结构和在各种存储结构下相应运算的算法,并在讨论基本运算的基础上,给出一些应用例子。第7章和第8章讨论查找和排序,并介绍几种常用的查找和排序方法。
606 0  @a数据结构
690    @aTP311.12-43@v5
701  0 @a奚小玲@Axi xiao ling@4主编
701  0 @a敖广武@Aao guang wu@4主编
801  0 @aCN@b碧洲教育@c20150716
905    @a10447@f4@dTP311.12-43@e863
    
    数据结构理论与实践/奚小玲,敖广武主编.-沈阳:东北大学出版社,2014
    325页;26cm
    普通高等教育“十二五”规划教材 21世纪高等学校计算机系列实用规划教材
    
    ISBN 978-7-5517-0736-7:CNY65.00
    本书第1章绪论,主要介绍数据、数据结构和算法等基本概念。第2章至第6章分别讨论线性表、栈、队列、串、数组、广义表、树及图等基本类型的数据结构,内容包括它们的逻辑结构、存储结构和在各种存储结构下相应运算的算法,并在讨论基本运算的基础上,给出一些应用例子。第7章和第8章讨论查找和排序,并介绍几种常用的查找和排序方法。
●
相关链接 在E读中查询图书 在五车中查询图书 在当当中查询图书 在豆瓣中查询图书


正题名:数据结构理论与实践     索取号:TP311.12-43/863         预约/预借

序号 登录号 条形码 馆藏地/架位号 状态 备注
1 0849983   208499837   第二样本阅览室/ [索取号:TP311.12-43/863] 在馆    
2 0849984   208499846   第三借阅区/ [索取号:TP311.12-43/863] 在馆    
3 0849985   208499855   第三借阅区/ [索取号:TP311.12-43/863] 在馆    
4 0849986   208499864   密集书库—计算机科学学院/ [索取号:TP311.12-43/863] 在馆    
唐山师范学院图书馆 欢迎您!
大连网信软件有限公司© 版权所有